000 00543nab#a2200181#c#4500
999 _c19319
_d19319
003 IEF
005 20191203183751.0
008 950704s1976 uuu|| #####0 b| |u
040 _aIEF
_cES-MaIEF
100 1 _aGarcía de Blas, Antonio
_917263
245 _aDon Antonio Flores de Lemus y la Comisión Técnica Agraria
_c Antonio García de Blas
260 _c1976
650 4 _aFLORES DE LEMUS, ANTONIO (1876-1941)
_944347
773 0 _tHacienda pública española
_w34570
_g42-43, p. 299-314
942 _2udc
942 _2udc